000 00448nam a2200145Ia 4500
008 100122s9999 xx 000 0 und d
082 _b13018
_a822
100 _aकिणीकर रॉय
245 _aयेग येग विठाबाई
260 _bरॉय किणीकर
_c1965
300 _a106
630 _aयेग येग विठाबाई
730 _aयेग येग विठाबाई
942 _cBOOK
999 _c403938
_d403935